Members of the Fellowship of the Ring - Statistics

General Stats
  • This quiz has been taken 38 times
  • The average score is 8 of 9
Answer Stats
Hint Answer % Correct
Maiar, Grey, then White Wizard. Gandalf
97%
Man, Isilidur's heir, future king of Gondor Aragorn
94%
Elf prince, fights with a bow and arrow. Legolas Greenleaf
94%
Hobbit, Ringbearer from Bag-End Frodo Baggins
91%
Dwarf, son of Gloin who fights with an axe. Gimli
91%
Gardener of ^ Samwise Gamgee
88%
Man, Son of the Steward of Gondor Boromir
79%
Cousin of the Ringbearer, fights at Pelennor Fields Meriadoc Brandybuck
79%
Cousin of the Ringbearer, pledges himself to Gondor Peregrin Took
73%
No matching quizzes found
Score Distribution
Percent of People with Each Score
Percentile by Number Answered
Your Score History
You have not taken this quiz